000 00581nam a22001817a 4500
999 _c12474
_d12474
008 190126b ||||| |||| 00| 0 eng d
020 _a971-542-291-8
082 _22001
_aDFil 899.211
_bP53
245 _aThe two mountains (Tausug)/
_cDamiana Eugenio [Compiler and Editor]
260 _aQuezon City:
_bUP Press;
_cc2001.
300 _aPage 203;
_c22.5 cm.
500 _aPhilippine folk literature: The myths
650 _aMythology
_935171
650 _aLegends
_935172
650 _aPhilippine folk literature (English)
_935173
650 _aFolklore
_935174
942 _2ddc
_cDFIL